000 00331nam a22001457a 4500
003 OSt
005 20211231131934.0
008 211231b |||||||| |||| 00| 0 eng d
020 _a139780538747578
040 _cHU
082 _24th
_a006.7
100 _aSklar
_926617
245 _aPrinciples Of Web Design
942 _2ddc
_cBOOKS
_n0
999 _c25546
_d25546